000 00388nam a2200169Ia 4500
008 221030s9999 xx 000 0 und d
020 _a0070583706
041 _aEnglish
082 _a105.23
_bKal
100 _aH. S. Kalsi
245 0 _aElectronic Instrumentation
_cby H. S. Kalsi
250 _a5th
260 _bTMH
_aNew Delhi
_c2006
300 _a801
650 _aECE
942 _cBK
999 _c3483
_d3483